[Event "Open Ricany 2012"]
[Site "http://www.openricany.cz/"]
[Date "2012.08.30"]
[Round "6.30"]
[White "Koller, Martin"]
[Black "Franek, Jan"]
[Result "0-1"]
[WhiteElo "1900"]
[BlackElo "1979"]
[PlyCount "86"]
[EventDate "2012.??.??"]

1. d4 Nf6 2. c4 g6 3. Nc3 Bg7 4. e4 d6 5. f4 O-O 6. Nf3 c5 7. d5 e6 8. Be2 exd5
9. cxd5 Re8 10. e5 dxe5 11. fxe5 Ng4 12. Bg5 Qb6 13. O-O Nxe5 14. d6 Qxb2 15.
Nd5 Nxf3+ 16. Bxf3 Bd4+ 17. Kh1 Qxa1 18. Qxa1 Bxa1 19. Rxa1 Nd7 20. Nc7 Re5 21.
Bf4 Rb8 22. Bxe5 Nxe5 23. Re1 f6 24. Bd5+ Kf8 25. Rf1 Bf5 26. h3 h5 27. Be6 Kg7
28. Bxf5 gxf5 29. Ne6+ Kf7 30. Nxc5 b6 31. Nb3 Rd8 32. Nd4 Rxd6 33. Nb5 Rd2 34.
Nxa7 Rxa2 35. Nc8 Nc4 36. Rxf5 Ra8 37. Nxb6 Nxb6 38. Rxh5 Kg6 39. g4 Nc4 40.
Rc5 Ne5 41. Kg2 Kg5 42. Rd5 Ra2+ 43. Kf1 Rh2 0-1

[Event "Open Ricany 2012"]
[Site "http://www.openricany.cz/"]
[Date "2012.08.30"]
[Round "6.31"]
[White "Petrun, Milan"]
[Black "Cizek, Onder"]
[Result "1/2-1/2"]
[WhiteElo "1925"]
[BlackElo "1869"]
[PlyCount "57"]
[EventDate "2012.??.??"]

1. e4 e5 2. Nf3 Nc6 3. Bc4 Bc5 4. c3 Nf6 5. d4 exd4 6. cxd4 Bb4+ 7. Bd2 Bxd2+
8. Nbxd2 d5 9. exd5 Nxd5 10. Qb3 Nce7 11. O-O O-O 12. a4 c6 13. a5 Qc7 14. Rfc1
Qf4 15. a6 Rb8 16. g3 Qd6 17. Ne4 Qg6 18. Bd3 Nf4 19. Ne5 Ne2+ 20. Kh1 Nxc1 21.
Qc2 Qh6 22. Rxc1 Nd5 23. Qc4 Be6 24. axb7 Rxb7 25. Nc5 Rb4 26. Qc2 Rxd4 27.
Nxe6 Qxe6 28. Nxc6 Rc8 29. Bf5 1/2-1/2

[Event "Open Ricany 2012"]
[Site "http://www.openricany.cz/"]
[Date "2012.08.30"]
[Round "6.33"]
[White "Vlcek, Vilem"]
[Black "Tvrdy, Jindrich"]
[Result "1/2-1/2"]
[WhiteElo "1461"]
[BlackElo "1908"]
[PlyCount "37"]
[EventDate "2012.??.??"]

1. e4 e5 2. Nf3 Nc6 3. Bb5 a6 4. Ba4 d6 5. c3 Bd7 6. h3 Nge7 7. O-O Ng6 8. d4
Be7 9. Re1 h6 10. Nbd2 b5 11. Bc2 Bg5 12. dxe5 dxe5 13. Nf1 Bf4 14. Ne3 Nce7
15. Nd5 Bxc1 16. Rxc1 c6 17. Ne3 Be6 18. Nf5 Rg8 19. a4 1/2-1/2

[Event "Open Ricany 2012"]
[Site "http://www.openricany.cz/"]
[Date "2012.08.30"]
[Round "6.34"]
[White "Eisner, Oldrich"]
[Black "Krejci, Martin"]
[Result "0-1"]
[WhiteElo "1833"]
[BlackElo "1923"]
[PlyCount "48"]
[EventDate "2012.??.??"]

1. d4 Nf6 2. Nf3 g6 3. g3 Bg7 4. Bg2 O-O 5. O-O d5 6. c4 dxc4 7. Na3 c3 8. bxc3
c5 9. Nc4 Nc6 10. Nfe5 Nd5 11. Nxc6 bxc6 12. Bb2 Rb8 13. Qd2 Be6 14. Ne5 Qc7
15. Nd3 Nb6 16. e3 Nc4 17. Qc2 Bf5 18. e4 Be6 19. Rfb1 Nxb2 20. Rxb2 cxd4 21.
Rxb8 Rxb8 22. cxd4 Bxd4 23. Rc1 c5 24. Nxc5 Qxc5 0-1

[Event "Open Ricany 2012"]
[Site "http://www.openricany.cz/"]
[Date "2012.08.30"]
[Round "6.35"]
[White "Plchot, Miroslav"]
[Black "Filip, Vojtech"]
[Result "0-1"]
[WhiteElo "1914"]
[BlackElo "1832"]
[PlyCount "73"]
[EventDate "2012.??.??"]

1. d4 d5 2. Nf3 e6 3. c4 Nf6 4. Nc3 Be7 5. Bf4 c6 6. e3 Nbd7 7. Bd3 O-O 8. O-O
a6 9. Rc1 dxc4 10. Bxc4 b5 11. Bd3 c5 12. Ne4 c4 13. Bb1 Bb7 14. Nxf6+ Nxf6 15.
Ne5 Rc8 16. Ng4 Qd5 17. Nxf6+ Bxf6 18. Qg4 Rfd8 19. Rfd1 g6 20. e4 Qc6 21. e5
Bg7 22. f3 Qb6 23. Bg5 Rd7 24. Kh1 b4 25. Be4 Bxe4 26. Qxe4 Qa5 27. h4 Qxa2 28.
d5 Rxd5 29. Rxd5 exd5 30. Qxd5 Rf8 31. Rxc4 Qxb2 32. f4 h6 33. Be7 Qf2 34. Rxb4
Rc8 35. Rb3 Rc1+ 36. Kh2 Qxf4+ 37. Rg3 {dále neèitelné} 0-1

[Event "Open Ricany 2012"]
[Site "http://www.openricany.cz/"]
[Date "2012.08.30"]
[Round "6.36"]
[White "Paukert, Jan"]
[Black "Sediva, Ondrej"]
[Result "1-0"]
[WhiteElo "1896"]
[BlackElo "1784"]
[PlyCount "79"]
[EventDate "2012.??.??"]

1. d4 Nf6 2. Nf3 e6 3. g3 b6 4. Bg2 Bb7 5. O-O Be7 6. c4 O-O 7. Nc3 c5 8. e3 d6
9. Qc2 Nbd7 10. dxc5 dxc5 11. Rd1 a6 12. e4 Qc7 13. Bf4 Qc6 14. h3 Nh5 15. Be3
Bd6 16. Qd2 Ne5 17. Qxd6 Nxc4 18. Qxc6 Bxc6 19. b3 Nxe3 20. fxe3 Nxg3 21. Ne5
Bb5 22. Nxb5 axb5 23. Kf2 Nh5 24. Nd7 Rfd8 25. Rd2 f6 26. e5 Rac8 27. Rad1 Kf7
28. exf6 gxf6 29. Ne5+ Ke8 30. Bc6+ Ke7 31. Rxd8 Rxd8 32. Rxd8 Kxd8 33. Nd7 Kc7
34. Bxb5 f5 35. Kf3 Ng7 36. Kf4 Ne8 37. Nf8 Nd6 38. Nxe6+ Kc8 39. Bd3 b5 40.
Nxc5 1-0

[Event "Open Ricany 2012"]
[Site "http://www.openricany.cz/"]
[Date "2012.08.30"]
[Round "6.37"]
[White "Havelka, Jan"]
[Black "Havelka, Petr"]
[Result "1/2-1/2"]
[WhiteElo "1762"]
[BlackElo "1889"]
[PlyCount "40"]
[EventDate "2012.??.??"]

1. e4 d5 2. exd5 Qxd5 3. Nc3 Qa5 4. d4 Nf6 5. Bd2 c6 6. Nf3 Bg4 7. h3 Bxf3 8.
Qxf3 Nbd7 9. Bc4 e6 10. O-O-O Qc7 11. Rhe1 O-O-O 12. Ne4 Nxe4 13. Qxe4 Nb6 14.
Qd3 Na4 15. Qb3 Nb6 16. Ba5 Qf4+ 17. Kb1 Rxd4 18. Bxb6 axb6 19. Qxb6 Rxd1+ 20.
Rxd1 Qc7 1/2-1/2

[Event "Open Ricany 2012"]
[Site "http://www.openricany.cz/"]
[Date "2012.08.30"]
[Round "6.38"]
[White "Halla, Jiri"]
[Black "Vystrcil, Martin"]
[Result "1/2-1/2"]
[WhiteElo "1885"]
[BlackElo "1750"]
[PlyCount "20"]
[EventDate "2012.??.??"]

1. b3 d5 2. Bb2 Bf5 3. e3 e6 4. f4 Nf6 5. Nf3 Nbd7 6. Nh4 Bg6 7. Nxg6 hxg6 8.
Qf3 c6 9. Be2 Qc7 10. d4 O-O-O 1/2-1/2

[Event "Open Ricany 2012"]
[Site "http://www.openricany.cz/"]
[Date "2012.08.30"]
[Round "6.39"]
[White "Rezac, Jindrich"]
[Black "Skvaril, Michal"]
[Result "1-0"]
[WhiteElo "1874"]
[BlackElo "1728"]
[PlyCount "49"]
[EventDate "2012.??.??"]

1. d4 d5 2. c4 e6 3. Nc3 Nf6 4. Nf3 Be7 5. e3 O-O 6. Bd3 c6 7. O-O Nbd7 8. e4
dxe4 9. Nxe4 Re8 10. Bf4 Nxe4 11. Bxe4 Nf6 12. Bc2 c5 13. dxc5 Bxc5 14. Qe2 Qb6
15. Rad1 Nd7 16. Qd3 Nf8 17. b3 Bd7 18. Ne5 Rad8 19. Qg3 Bc6 20. Rxd8 Rxd8 21.
Nxf7 Re8 22. Be5 Ng6 23. Bxg6 hxg6 24. Qxg6 Bf8 25. Ng5 1-0

[Event "Open Ricany 2012"]
[Site "http://www.openricany.cz/"]
[Date "2012.08.30"]
[Round "6.40"]
[White "Nigrin, Jiri"]
[Black "Hlina, Miloslav"]
[Result "0-1"]
[WhiteElo "1684"]
[BlackElo "1857"]
[PlyCount "90"]
[EventDate "2012.??.??"]

1. c4 d6 2. g3 Nf6 3. Bg2 g6 4. Nf3 c5 5. d3 Nc6 6. O-O Bg7 7. Nc3 O-O 8. Rb1
Bd7 9. a3 Rb8 10. Bd2 e6 11. Bf4 e5 12. Bg5 h6 13. Bd2 Nd4 14. b4 b6 15. b5 Qe7
16. e4 Bg4 17. h3 Nxf3+ 18. Bxf3 Bxh3 19. Re1 Qd7 20. Bg2 Qg4 21. Qxg4 Bxg4 22.
f3 Be6 23. Kf2 Nh5 24. g4 Nf4 25. Bxf4 exf4 26. Ne2 g5 27. Rh1 Rb7 28. Rb3 Ra8
29. Rhb1 a6 30. Nc3 Be5 31. a4 axb5 32. axb5 Rba7 33. Bf1 Ra3 34. Rxa3 Rxa3 35.
Nd5 Ra2+ 36. Ke1 Bxd5 37. exd5 Kg7 38. Be2 Kg6 39. Kf1 h5 40. gxh5+ Kxh5 41.
Kg2 g4 42. Rh1+ Kg5 43. Re1 Bc3 44. Kf1 Bxe1 45. Kxe1 Kh4 0-1

[Event "Open Ricany 2012"]
[Site "http://www.openricany.cz/"]
[Date "2012.08.30"]
[Round "6.41"]
[White "Berg, Antonin"]
[Black "Vitek, Jan"]
[Result "1/2-1/2"]
[WhiteElo "1808"]
[BlackElo "1882"]
[PlyCount "50"]
[EventDate "2012.??.??"]

1. e4 e6 2. d4 d5 3. Nd2 Nf6 4. e5 Nfd7 5. Bd3 c5 6. c3 Nc6 7. Ne2 Qb6 8. Nf3
cxd4 9. cxd4 f6 10. exf6 Nxf6 11. O-O Bd6 12. Bd2 Bd7 13. Bc3 O-O 14. Re1 Rae8
15. Ng3 Qc7 16. Ne5 Bc8 17. Rc1 Bxe5 18. dxe5 Nd7 19. Qh5 g6 20. Bxg6 hxg6 21.
Qxg6+ Kh8 22. Nh5 Re7 23. Bb4 Ref7 24. Qh6+ Rh7 25. Qxe6 Qd8 1/2-1/2

[Event "Open Ricany 2012"]
[Site "http://www.openricany.cz/"]
[Date "2012.08.30"]
[Round "6.42"]
[White "Kyselka, Daniel"]
[Black "Havlicek, Pavel"]
[Result "1-0"]
[WhiteElo "1830"]
[BlackElo "1705"]
[PlyCount "90"]
[EventDate "2012.??.??"]

1. Nf3 Nf6 2. d3 Nc6 3. g3 e5 4. Bg2 Bc5 5. O-O d6 6. Nbd2 Bg4 7. h3 Bd7 8. e4
h5 9. Nb3 Bb6 10. Bg5 Qc8 11. Kh2 Ng4+ 12. hxg4 hxg4+ 13. Nh4 f6 14. Bxf6 gxf6
15. Qd2 Be6 16. c3 Qd7 17. Rh1 O-O-O 18. Kg1 Ne7 19. c4 f5 20. exf5 Bxf5 21.
Na5 c6 22. b4 Rdf8 23. Rf1 Ng6 24. Nb3 Nxh4 25. gxh4 Bd8 26. Qe3 b6 27. h5 Rf7
28. c5 Rg7 29. cxd6 Qxd6 30. d4 Bg5 31. Qxe5 Qxe5 32. dxe5 Kc7 33. Nd4 Bc8 34.
f4 gxf3 35. Rxf3 Rhg8 36. Rh2 Be7 37. h6 Rh7 38. e6 c5 39. Rf7 Rxf7 40. Nb5+
Kd8 41. exf7 Rh8 42. Nxa7 Be6 43. Nc6+ Kd7 44. Ne5+ Kd8 45. Ng6 Rh7 1-0

[Event "Open Ricany 2012"]
[Site "http://www.openricany.cz/"]
[Date "2012.08.30"]
[Round "6.43"]
[White "Cermak, Jan"]
[Black "Maly, Dusan"]
[Result "1-0"]
[WhiteElo "1731"]
[BlackElo "1772"]
[PlyCount "49"]
[EventDate "2012.??.??"]

1. e4 e6 2. d4 d5 3. Nc3 dxe4 4. Nxe4 Be7 5. Nf3 Nd7 6. Bd3 Ngf6 7. O-O Nxe4 8.
Bxe4 Nf6 9. Bd3 O-O 10. c3 c5 11. Qe2 cxd4 12. Nxd4 a6 13. Rd1 Qc7 14. Bg5 Re8
15. Nf3 Bd7 16. Ne5 Rad8 17. Bxf6 Bxf6 18. Bxh7+ Kxh7 19. Qh5+ Kg8 20. Qxf7+
Kh7 21. Nxd7 Kh6 22. Rd3 Re7 23. Rh3+ Kg5 24. Qh5+ Kf4 25. Nb8 1-0